| 000 | 00454nam a2200193 a 4500 | ||
|---|---|---|---|
| 001 | 13112 | ||
| 003 | CO-ViMGA | ||
| 008 | 141112s2004 ck r 000 u spa d | ||
| 020 | _a9586142957 | ||
| 040 |
_aCO-ViMGA _bspa _cCO-ViMGA |
||
| 082 | 0 | 4 | _a920.72 E75u |
| 100 | 1 |
_aErnaux, Annie _919212 |
|
| 245 | 1 | 0 | _aUna mujer |
| 260 |
_aBogotá : _bpresencia, _c1989 |
||
| 300 | _a91p. | ||
| 650 | 1 | 4 | _aBIOGRAFIAS |
| 650 | 1 | 4 |
_aMUJERES _949379 |
| 942 |
_2ddc _cBK |
||
| 999 |
_c23936 _d23936 |
||